Tout sauf l'intrus - Culture Générale - Statistiques

Statistiques générales
  • Ce quiz a été pris 150 fois
  • Le résultat moyen est 10 sur 20
Statistiques - réponses
Question Réponse % Correct
Un pays dont la capitale commence par A Liberia
84%
Une variété de pomme Conférence
81%
Un groupe de rock américain Dire Straits
74%
Une membre des Totally Spies Mandy
74%
Un film Pixar Fourmiz
71%
Un roi carolingien Philippe Ier
69%
Un os correctement écrit Maxilaire
64%
Une personne norvégienne Niels Bohr
60%
Un tableau de Claude Monet La Ronde de Nuit
54%
Un membre du Club des Cinq Georges
52%
Une planète naine Callisto
41%
Un club de football londonien Aston Villa
41%
Un pays membre de l'OPEP Qatar
36%
Un nombre premier 1
33%
Un verbe du deuxième groupe Partir
32%
Un compositeur baroque Debussy
25%
Un gaz noble Azote
21%
Un film réalisé par Ridley Scott Troie
15%
Un insecte Cloporte
13%
Une ville ayant changé de nom avant 1900 Constantinople
11%
Aucun quiz correspondant
Distribution des résultats
% des personnes avec chaque résultat
Percentile par nombre de réponses
Votre historique - résultats
Vous n’avez pas pris ce quiz